Loading...
Persian gulf /
| Main Author: | |
|---|---|
| Language: | Undetermined |
| Published: |
Author :
Kottayam ,
1983.
|
| Subjects: |
| LEADER | 00444nam a2200157Ia 4500 | ||
|---|---|---|---|
| 001 | 6488 | ||
| 008 | 170722s9999 xx 000 0 und d | ||
| 100 | |a Sudha, P. | ||
| 245 | |a Persian gulf / | ||
| 260 | |a Author : |b Kottayam , |c 1983. | ||
| 300 | |a 218 p. |c 20.5cms | ||
| 653 | |a Generalia | ||
| 653 | |a Gulf | ||
| 942 | |c GEN | ||
| 999 | |c 101688 |d 101688 | ||
| 952 | |0 0 |1 0 |4 0 |6 Z_49D_32M3 |7 0 |9 142890 |a LIB |b LIB |d 2013-03-25 |o z49D 32M3 |p 190643 |r 2017-08-12 |w 2017-08-12 |y GEN | ||